Particulars and conditions of sale of a valuable copyhold estate consisting of a roomy family house, pleasantly situate, no. 3 Old Chapel Row, Kentish Town...which will be sold by auction by Messrs. Robins at the Auction Mart, opposite the Bank of England on Wednesday the 17th of May 1826... (Record no. 116603)

MARC details
000 -LEADER
fixed length control field 00782cam a22001935a 4500
001 - CONTROL NUMBER
control field L141115
008 - FIXED-LENGTH DATA ELEMENTS--GENERAL INFORMATION
fixed length control field 071029s1826 xxk eng u
035 ## - SYSTEM CONTROL NUMBER
System control number (Sirsi) u141115
041 0# - LANGUAGE CODE
Language code of text/sound track or separate title eng
110 2# - MAIN ENTRY--CORPORATE NAME
Corporate name or jurisdiction name as entry element Messrs. Robins
245 00 - TITLE STATEMENT
Title Particulars and conditions of sale of a valuable copyhold estate consisting of a roomy family house, pleasantly situate, no. 3 Old Chapel Row, Kentish Town...which will be sold by auction by Messrs. Robins at the Auction Mart, opposite the Bank of England on Wednesday the 17th of May 1826...
260 ## - PUBLICATION, DISTRIBUTION, ETC.
Place of publication, distribution, etc. S.l.
Name of publisher, distributor, etc. s.n.
Date of publication, distribution, etc. [1826]
300 ## - PHYSICAL DESCRIPTION
Extent 1 sheet
Dimensions 39 x 24 cm.
340 ## - PHYSICAL MEDIUM
Material base and configuration Printed
351 ## - ORGANIZATION AND ARRANGEMENT OF MATERIALS
Hierarchical level Single item
651 4# - SUBJECT ADDED ENTRY--GEOGRAPHIC NAME
Geographic name London
690 ## - LOCAL SUBJECT ADDED ENTRY--TOPICAL TERM (OCLC, RLIN)
Topical term or geographic name as entry element PROPERTY-PROPERTY ACQUISITION AND DISPOSAL-ACQUISITION AND DISPOSAL AT AUCTION
942 ## - ADDED ENTRY ELEMENTS (KOHA)
Suppress in OPAC 0
Holdings
Withdrawn status Lost status Source of classification or shelving scheme Damaged status Not for loan Home library Current library Shelving location Date acquired Total Checkouts Full call number Barcode Date last seen Copy number Price effective from Koha item type
    Dewey Decimal Classification     London London Basement 29/10/2007   BASEMENT BOX 5 141115-1001 06/08/2019 1 06/08/2019 Archive